[Event "KAZ-ch Open 2019"]
[Site "Almaty"]
[Date "2019.05.01"]
[Round "10.1"]
[White "Agmanov, Zhandos"]
[Black "Kvan, Andrey"]
[Result "1-0"]
[WhiteElo "2394"]
[BlackElo "2286"]
[Annotator "NA"]
[PlyCount "71"]
[EventDate "2019.04.21"]
[EventType "tourn"]
[EventCountry "KAZ"]
[SourceTitle "playchess.com"]
[Source "ChessBase"]
[SourceQuality "1"]
[TimeControl "40/5400+30:1800+30"]

1. e4 {[%emt 0:00:00]} c6 {[%emt 0:00:00]} 2. d4 {[%emt 0:00:00]} d5 {[%emt 0:00:00]} 3. e5 {[%emt 0:00:07]} c5 {[%emt 0:00:00]} 4. dxc5 {[%emt 0:00:15]} Nc6 {[%emt 0:00:00]} 5. a3 {[%emt 0:00:13]} e6 {[%emt 0:00:03]} 6. b4 {[%emt 0:01:33] B12: Caro-Kann: Advance Variation} (6. Nf3 Bxc5 7. b4 Bb6 8. b5 Nb8 9. Bb2 a6 10. a4 Nh6 11. Be2 axb5 12. axb5 Rxa1 13. Bxa1 {1-0 (40) Grischuk,A (2771)-Navara,D (2739) Shamkir 2019}) 6... a5 {[%emt 0:00:08]} 7. b5 {[%emt 0:05:50]} Nxe5 {[%emt 0:00:12]} 8. Bb2 {[%emt 0:02:19]} f6 $146 {[%emt 0:00:06]} ({Predecessor:} 8... Ng6 9. a4 Bd7 10. Nd2 Nf6 11. Nb3 Rc8 12. Bd3 Bxc5 13. Nxc5 Rxc5 {0-1 (43) Petrenko,S (2162)-Radeva,V (2125) Braila 2016}) 9. Bd4 {[%emt 0:32:21]} Ng6 {[%emt 0:00:55]} 10. f3 {[%emt 0:02:21]} e5 {[%emt 0:01:06]} 11. Bf2 {[%emt 0:00:05]} a4 {[%emt 0:08:33]} 12. Nc3 {[%emt 0:10:45]} d4 {[%emt 0:11:46]} 13. Ne4 {[%emt 0:00:09]} f5 {[%emt 0:00:17]} 14. Nd6+ {[%emt 0:02:25]} Bxd6 {[%emt 0:00:07]} 15. cxd6 {[%emt 0:00:06]} Nf6 {[%emt 0:00:12]} 16. c3 {[%emt 0:03:59]} Qa5 {[%emt 0:06:54]} ({Don't take} 16... Qxd6 17. cxd4 e4 18. Nh3 $17) ({Less strong is} 16... dxc3 17. Bc4 $11) (16... Be6 $19 {has better winning chances.} 17. Ne2 Bb3) 17. Rc1 {[%emt 0:00:17]} Bd7 {[%emt 0:11:35]} 18. Qd2 {[%emt 0:07:28]} Rc8 {[%emt 0:03:27]} 19. Ne2 {[%emt 0:05:56]} Bxb5 {[%emt 0:13:24]} 20. cxd4 {[%emt 0:00:23]} Rxc1+ {[%emt 0:00:14]} 21. Nxc1 {[%emt 0:00:07]} Qxd2+ {[%emt 0:00:18]} 22. Kxd2 {[%emt 0:00:01]} Bxf1 {[%emt 0:00:13]} 23. Rxf1 {[%emt 0:00:14]} Kd7 {[%emt 0:00:47]} 24. Nd3 {[%emt 0:00:27]} exd4 {[%emt 0:09:58]} 25. Rb1 {[%emt 0:00:38]} Kxd6 {[%emt 0:09:50]} 26. Rxb7 {[%emt 0:00:21]} Nd7 {[%emt 0:05:26]} 27. Rb4 {[%emt 0:02:41]} Ra8 {[%emt 0:02:36]} 28. Rxd4+ {[%emt 0:04:17]} Kc6 {[%emt 0:03:26]} 29. Nb4+ {[%emt 0:01:49]} Kc7 {[%emt 0:00:17]} 30. Nd5+ {[%emt 0:00:07]} Kc6 $16 {[%emt 0:00:19]} 31. Nb4+ {[%emt 0:01:31]} Kc7 {[%emt 0:00:05]} 32. Rc4+ {[%emt 0:00:20]} Kd6 {[%emt 0:01:50]} 33. Rc6+ {[%emt 0:01:43]} Ke5 {[%emt 0:01:04]} 34. Kc3 {[%emt 0:03:52]} Ne7 {[%emt 0:05:41]} 35. Bd4+ {[%emt 0:01:05]} Kf4 {[%emt 0:00:07]} 36. Re6 {[%emt 0:00:15]} 1-0

[Event "KAZ-ch Open 2019"]
[Site "Almaty"]
[Date "2019.05.01"]
[Round "10.2"]
[White "Kostenko, Petr"]
[Black "Urazayev, Arystanbek"]
[Result "1-0"]
[WhiteElo "2450"]
[BlackElo "2446"]
[Annotator "RC"]
[PlyCount "49"]
[EventDate "2019.04.21"]
[EventType "tourn"]
[EventCountry "KAZ"]
[SourceTitle "playchess.com"]
[Source "ChessBase"]
[SourceQuality "1"]
[TimeControl "40/5400+30:1800+30"]

1. c4 {[%emt 0:00:00]} e5 {[%emt 0:00:05]} 2. Nc3 {[%emt 0:00:00]} Nc6 {[%emt 0:00:43]} 3. e3 {[%emt 0:00:22]} Nf6 {[%emt 0:04:23]} 4. Nf3 {[%emt 0:00:11]} Be7 {[%emt 0:03:57]} 5. Qb3 {[%emt 0:03:28]} O-O {[%emt 0:01:58]} 6. Be2 {[%emt 0:00:03]} Re8 {[%emt 0:06:16]} 7. O-O {[%emt 0:03:11]} Bf8 {[%emt 0:02:40]} 8. d4 {[%emt 0:03:16]} exd4 {[%emt 0:07:14]} 9. exd4 {[%emt 0:00:28]} d6 {[%emt 0:00:08]} 10. h3 {[%emt 0:09:09]} h6 {[%emt 0:07:13]} 11. Bf4 {[%emt 0:08:42]} Ne4 {[%emt 0:09:21]} 12. Nxe4 {[%emt 0:07:41]} Rxe4 {[%emt 0:00:58]} 13. Be3 {[%emt 0:00:06]} Re8 {[%emt 0:02:29]} 14. d5 {[%emt 0:03:08]} Ne5 {[%emt 0:04:38]} 15. Qc3 {[%emt 0:03:40]} Nxf3+ {[%emt 0:01:20]} 16. Bxf3 {[%emt 0:00:04]} Bf5 {[%emt 0:01:01]} 17. Rfe1 {[%emt 0:02:03]} b6 {[%emt 0:03:36]} 18. Bd1 {[%emt 0:04:07]} Qh4 {[%emt 0:06:48]} 19. Rc1 {[%emt 0:05:40]} Be7 {[%emt 0:04:59]} 20. Bd4 {[%emt 0:21:06]} Bg5 {[%emt 0:04:00]} 21. Ba4 {[%emt 0:00:43]} Rxe1+ {[%emt 0:11:30]} 22. Rxe1 {[%emt 0:00:12]} Kh7 {[%emt 0:00:32]} 23. Be8 {[%emt 0:00:57]} Be4 {[%emt 0:12:37]} 24. g3 {[%emt 0:01:09]} Qxh3 {[%emt 0:01:38]} 25. Rxe4 {[%emt 0:00:06]} 1-0

[Event "KAZ-ch Open 2019"]
[Site "Almaty"]
[Date "2019.05.01"]
[Round "10.3"]
[White "Ibrayev, Nurlan"]
[Black "Zhalmakhanov, Ramazan"]
[Result "1-0"]
[WhiteElo "2379"]
[BlackElo "2346"]
[Annotator "NA"]
[PlyCount "99"]
[EventDate "2019.04.21"]
[EventType "tourn"]
[EventCountry "KAZ"]
[SourceTitle "playchess.com"]
[Source "ChessBase"]
[SourceQuality "1"]
[TimeControl "40/5400+30:1800+30"]

1. d4 {[%emt 0:03:30]} Nf6 {[%emt 0:00:00]} 2. Nf3 {[%emt 0:00:32]} d5 {[%emt 0:00:20]} 3. c4 {[%emt 0:00:08]} e6 {[%emt 0:01:07]} 4. Nc3 {[%emt 0:00:13]} c6 {[%emt 0:01:28]} 5. Bg5 {[%emt 0:00:22]} h6 {[%emt 0:00:18]} 6. Bxf6 {[%emt 0:00:16]} Qxf6 {[%emt 0:00:06]} 7. e4 {[%emt 0:00:04]} dxe4 {[%emt 0:04:29]} 8. Nxe4 {[%emt 0:00:18]} Bb4+ {[%emt 0:01:47]} 9. Ke2 {[%emt 0:00:09]} Qf5 {[%emt 0:13:09] D43: Semi-Slav: 5 Bg5 h6} (9... Qf4 10. Qc2 f5 11. Nc3 c5 12. g3 Qg4 13. h3 Qh5 14. a3 Bxc3 15. Qxc3 cxd4 16. Qxd4 O-O 17. Bg2 Nc6 18. Qh4 Qf7 19. Rhd1 e5 20. Rac1 e4 21. Nd4 Ne5 22. Kf1 Kh7 {0-1 (22) Teske,H (2483)-Vitiugov,N (2719) St Petersburg 2018}) 10. Ke3 $146 {[%emt 0:37:28]} ({Predecessor:} 10. Qd3 O-O 11. g3 Nd7 12. Bg2 e5 13. a3 Be7 14. h4 exd4 15. Nxd4 Qe5 16. f4 Qc7 17. b4 {0-1 (32) Jelfs,A (1909)-Ankit,R (2511) Glasgow 2014}) 10... O-O {[%emt 0:33:47]} 11. c5 {[%emt 0:27:58]} Ba5 {[%emt 0:08:59]} 12. g4 {[%emt 0:02:35]} Qd5 {[%emt 0:08:20]} 13. Ne5 {[%emt 0:08:56]} b6 {[%emt 0:04:04]} 14. Bc4 {[%emt 0:00:34]} Qd8 {[%emt 0:00:06]} 15. h4 {[%emt 0:01:42]} bxc5 {[%emt 0:00:24]} 16. dxc5 {[%emt 0:00:39]} Bc7 {[%emt 0:04:56] [#]} 17. Qxd8 $1 {[%emt 0:00:21]} Rxd8 {[%emt 0:00:05]} 18. Rad1 {[%emt 0:00:13]} f6 {[%emt 0:02:47]} 19. Rxd8+ {[%emt 0:00:44]} Bxd8 {[%emt 0:00:05]} 20. Rd1 {[%emt 0:02:59]} Bc7 {[%emt 0:00:09]} 21. Nd6 {[%emt 0:00:19]} fxe5 {[%emt 0:02:35]} 22. Nxc8 {[%emt 0:00:09]} Kf7 {[%emt 0:00:10]} 23. Rd3 {[%emt 0:05:09]} a5 {[%emt 0:00:55]} 24. Ke4 {[%emt 0:03:13]} a4 {[%emt 0:01:09]} 25. Rf3+ {[%emt 0:00:38]} Ke8 {[%emt 0:00:00]} 26. Bxe6 {[%emt 0:01:41]} Na6 {[%emt 0:00:11]} 27. Nd6+ {[%emt 0:00:25]} Ke7 {[%emt 0:00:48]} 28. Kxe5 {[%emt 0:00:38]} Nxc5 $2 {[%emt 0:00:49]} (28... Rf8 29. Rxf8 Kxf8) 29. Rf7+ {[%emt 0:00:24] Double Attack} Kd8 {[%emt 0:00:01]} 30. Rf8+ {[%emt 0:01:16]} Ke7 {[%emt 0:00:02]} 31. Rf7+ {[%emt 0:00:06]} Kd8 {[%emt 0:00:01]} 32. Rf8+ {[%emt 0:00:41]} Ke7 {[%emt 0:00:01]} 33. Rxa8 {[%emt 0:00:01]} Bxd6+ {[%emt 0:00:22]} 34. Kf5 {[%emt 0:00:08]} Nxe6 {[%emt 0:00:04]} 35. Rxa4 {[%emt 0:00:09]} Kd7 {[%emt 0:01:55]} 36. f4 {[%emt 0:01:18]} c5 {[%emt 0:01:34]} 37. Ra7+ {[%emt 0:01:03]} Nc7 {[%emt 0:01:33]} 38. Ra4 {[%emt 0:00:22]} Nd5 {[%emt 0:00:44]} 39. Ra7+ {[%emt 0:00:12]} Bc7 {[%emt 0:01:02]} 40. Kg6 {[%emt 0:00:00]} Kc6 {[%emt 0:00:00]} 41. f5 {[%emt 0:08:24]} Be5 {[%emt 0:01:33]} 42. b3 {[%emt 0:00:10]} Kd6 {[%emt 0:01:06]} 43. Rxg7 {[%emt 0:05:23]} Bxg7 {[%emt 0:00:23]} 44. Kxg7 {[%emt 0:00:01]} Ke5 {[%emt 0:02:09]} 45. a4 {[%emt 0:00:15]} Kd4 {[%emt 0:03:16]} 46. a5 {[%emt 0:00:18]} Kc3 {[%emt 0:00:20]} 47. f6 {[%emt 0:00:35]} Nc7 {[%emt 0:00:31]} 48. f7 {[%emt 0:00:12]} Ne6+ {[%emt 0:00:12]} 49. Kf6 {[%emt 0:00:10]} Nf8 {[%emt 0:00:24]} 50. a6 {[%emt 0:00:05]} 1-0

[Event "KAZ-ch Open 2019"]
[Site "Almaty"]
[Date "2019.05.01"]
[Round "10.4"]
[White "Nogerbek, Kazybek"]
[Black "Moisseyenko, Ilya"]
[Result "1/2-1/2"]
[WhiteElo "2318"]
[BlackElo "2329"]
[Annotator "NA"]
[PlyCount "99"]
[EventDate "2019.04.21"]
[EventType "tourn"]
[EventCountry "KAZ"]
[SourceTitle "playchess.com"]
[Source "ChessBase"]
[SourceQuality "1"]
[TimeControl "40/5400+30:1800+30"]

1. e4 {[%emt 0:00:00]} c5 {[%emt 0:00:00]} 2. Nf3 {[%emt 0:00:00]} d6 {[%emt 0:00:00]} 3. d4 {[%emt 0:00:00]} cxd4 {[%emt 0:00:00]} 4. Nxd4 {[%emt 0:00:00]} Nf6 {[%emt 0:00:00]} 5. Nc3 {[%emt 0:00:00]} a6 {[%emt 0:00:21]} 6. Bg5 {[%emt 0:00:00]} Nbd7 {[%emt 0:00:30]} 7. Qe2 {[%emt 0:00:06] B94: Sicilian Najdorf: 6 Bg5 Nbd7} e6 {[%emt 0:01:34]} 8. f4 {[%emt 0:01:13]} Qc7 {[%emt 0:00:13]} (8... h6 9. Bh4 e5 10. fxe5 dxe5 11. Nf5 Nb6 12. Qf3 Bxf5 13. Qxf5 Be7 14. Bd3 Nfd7 15. Bxe7 Qxe7 16. O-O-O O-O 17. Kb1 Nc5 18. Be2 Rad8 19. Qf2 Qc7 20. Qe3 Qc6 21. Rhe1 Rfe8 22. a3 Kf8 {½-½ (22) Anand,V (2773)-Nepomniachtchi,I (2763) Wijk aan Zee 2019}) 9. g4 {[%emt 0:00:36]} b5 {[%emt 0:05:11]} 10. a3 {[%emt 0:03:01]} Bb7 {[%emt 0:00:36]} 11. Bg2 {[%emt 0:00:06]} Be7 {[%emt 0:00:30]} 12. O-O-O {[%emt 0:01:08]} h6 {[%emt 0:09:27]} 13. Bxf6 {[%emt 0:01:11]} gxf6 {[%emt 0:00:16]} 14. h4 {[%emt 0:01:53]} O-O-O $146 {[%emt 0:04:49]} ({Predecessor:} 14... Nb6) 15. Rh3 {[%emt 0:01:17]} Kb8 {[%emt 0:01:16]} 16. f5 {[%emt 0:01:08]} e5 {[%emt 0:00:31]} 17. Nb3 {[%emt 0:00:07]} Nb6 {[%emt 0:00:42]} 18. Na5 {[%emt 0:03:38]} Ba8 {[%emt 0:02:42]} 19. Qd2 {[%emt 0:03:22]} Rc8 {[%emt 0:05:32]} 20. Nd5 {[%emt 0:05:38]} Nxd5 {[%emt 0:03:49]} 21. exd5 {[%emt 0:02:20]} h5 {[%emt 0:06:14]} 22. Nc6+ {[%emt 0:21:09]} Bxc6 {[%emt 0:00:17]} 23. dxc6 {[%emt 0:00:04]} hxg4 {[%emt 0:05:31]} 24. Rb3 {[%emt 0:00:11]} d5 {[%emt 0:00:09]} 25. Bxd5 {[%emt 0:03:42]} Rxh4 {[%emt 0:01:45]} 26. c4 {[%emt 0:06:28]} Rh3 {[%emt 0:00:48]} 27. Rxh3 {[%emt 0:00:31]} gxh3 {[%emt 0:00:04]} 28. cxb5 {[%emt 0:00:06]} axb5 {[%emt 0:00:06]} 29. Qd3 {[%emt 0:00:12]} Qb6 {[%emt 0:01:39]} 30. Qxh3 {[%emt 0:02:16]} Rd8 {[%emt 0:04:54]} 31. Qb3 {[%emt 0:01:31]} Kc7 {[%emt 0:00:31]} 32. Kb1 {[%emt 0:01:47]} Qc5 {[%emt 0:08:25]} 33. Rd3 {[%emt 0:06:48]} Bf8 {[%emt 0:13:12]} 34. Be4 {[%emt 0:04:35]} Rxd3 {[%emt 0:07:41]} 35. Bxd3 {[%emt 0:00:31]} Kxc6 {[%emt 0:00:34]} 36. Qxf7 {[%emt 0:00:29]} Be7 {[%emt 0:03:31]} 37. Qe8+ {[%emt 0:04:49]} Kb6 $14 {[%emt 0:00:16]} 38. Qb8+ {[%emt 0:04:29]} Kc6 {[%emt 0:00:23]} 39. Be4+ {[%emt 0:02:58]} Kd7 {[%emt 0:00:08]} 40. Qb7+ {[%emt 0:00:00]} Kd6 {[%emt 0:00:00]} 41. Bd3 {[%emt 0:00:53]} Qc6 {[%emt 0:09:12]} 42. Qxb5 {[%emt 0:05:22]} Qxb5 {[%emt 0:00:09]} 43. Bxb5 {[%emt 0:00:05]} e4 {[%emt 0:00:36]} 44. Kc2 {[%emt 0:00:19]} Ke5 {[%emt 0:00:04]} 45. Bd7 {[%emt 0:00:06]} Kd4 {[%emt 0:01:21]} 46. b4 {[%emt 0:00:48]} e3 {[%emt 0:01:24]} 47. Bb5 {[%emt 0:00:11]} Bd6 {[%emt 0:00:09]} 48. Be2 {[%emt 0:02:44]} Ke4 {[%emt 0:00:06]} 49. Bd3+ {[%emt 0:01:27]} Kd4 {[%emt 0:00:50]} 50. Be2 {[%emt 0:06:42]} 1/2-1/2

[Event "KAZ-ch Open 2019"]
[Site "Almaty"]
[Date "2019.05.01"]
[Round "10.5"]
[White "Kazakov, Konstantin"]
[Black "Ismagambetov, Anuar"]
[Result "0-1"]
[WhiteElo "2369"]
[BlackElo "2554"]
[Annotator "TA"]
[PlyCount "32"]
[EventDate "2019.04.21"]
[EventType "tourn"]
[EventCountry "KAZ"]
[SourceTitle "playchess.com"]
[Source "ChessBase"]
[SourceQuality "1"]

{[%evp 9,114,0,15,0,0,0,0,0,43,23,32,19,70,68,70,43,80,81,101,77,78,71,101,113,107,94,115,104,107,124,112,56,77,50,54,29,45,0,0,0,0,0,35,33,44,22,51,18,43,60,72,33,42,-29,-24,-29,-24,-16,-12,-159,-159,-159,-159,-159,-159,-189,-156,-218,-170,-164,-146,-166,-169,-160,-153,-204,-185,-175,-144,-225,-129,-269,-140,-140,-140,-356,-329,-506,-455,-581,-564,-595,-327,-613,-606,-549,-337,-318,-290,-1787,-1180,-4727,-4722,-29985,-29986,-29986,-29987]} 1. e4 c5 2. Nc3 d6 3. d4 cxd4 4. Qxd4 Nc6 5. Qd2 g6 6. b3 {B23: Closed Sicilian: Lines without g3} Bh6 7. f4 Nf6 8. Bb2 {The position is equal.} Be6 $146 ({Predecessor:} 8... O-O 9. O-O-O a5 10. a4 e5 11. g3 exf4 12. gxf4 {1-0 (54) Deepan Chakkravarthy,J (2534)-Yilmaz,M (2636) Dubai 2019}) 9. O-O-O Qa5 10. g3 O-O-O (10... O-O $11) 11. Bg2 $14 Rhe8 12. Nge2 Kb8 13. Kb1 Bc8 14. Nd5 {Black must now prevent Qxa5.} (14. a3 {with more complications.} e5 15. Rhf1 Bg4 16. h3 Bxe2 17. Qxe2 exf4 18. b4) 14... Qxd2 15. Rxd2 Nxd5 16. exd5 Nb4 {Played: Nc6-e5} 0-1

[Event "KAZ-ch Open 2019"]
[Site "Almaty"]
[Date "2019.05.01"]
[Round "10.6"]
[White "Kazhgaleyev, Murtas"]
[Black "Makhnev, Denis"]
[Result "1/2-1/2"]
[WhiteElo "2578"]
[BlackElo "2483"]
[Annotator "ChessBase"]
[PlyCount "139"]
[EventDate "2019.04.21"]
[EventType "tourn"]
[EventCountry "KAZ"]
[SourceTitle "playchess.com"]
[Source "ChessBase"]
[SourceQuality "1"]
[TimeControl "40/5400+30:1800+30"]

1. d4 {[%emt 0:02:44]} d5 {[%emt 0:00:00]} 2. Nf3 {[%emt 0:00:10]} Nf6 {[%emt 0:00:00]} 3. c4 {[%emt 0:00:04]} e6 {[%emt 0:00:00]} 4. Nc3 {[%emt 0:00:05]} dxc4 {[%emt 0:00:05]} 5. Qa4+ {[%emt 0:00:49]} c6 {[%emt 0:00:09]} 6. Qxc4 {[%emt 0:00:04]} b5 {[%emt 0:00:07]} 7. Qd3 {[%emt 0:00:02]} Bb7 {[%emt 0:04:48]} 8. e4 {[%emt 0:00:26]} b4 {[%emt 0:00:05]} 9. Na4 {[%emt 0:00:06]} Qa5 {[%emt 0:00:05]} 10. b3 {[%emt 0:00:41]} Nbd7 {[%emt 0:00:06]} 11. Be3 {[%emt 0:03:05]} c5 {[%emt 0:03:22]} 12. dxc5 {[%emt 0:04:24]} Bxe4 {[%emt 0:03:32]} 13. Qb5 {[%emt 0:01:20]} Qxb5 {[%emt 0:02:30]} 14. Bxb5 {[%emt 0:00:05]} Rb8 {[%emt 0:00:08]} 15. Ba6 {[%emt 0:07:38]} Ng4 {[%emt 0:02:18]} 16. Bf4 {[%emt 0:09:57]} e5 {[%emt 0:00:05]} 17. Bg3 {[%emt 0:00:52]} f6 {[%emt 0:01:14]} 18. Rc1 {[%emt 0:05:28]} Bc6 {[%emt 0:00:08]} 19. O-O {[%emt 0:00:14]} Nh6 {[%emt 0:02:54]} 20. Bd3 {[%emt 0:09:26]} Be7 {[%emt 0:03:54]} 21. Rfe1 {[%emt 0:01:07]} Rd8 {[%emt 0:14:00]} 22. Be4 {[%emt 0:06:03]} Bxa4 {[%emt 0:00:06]} 23. c6 {[%emt 0:05:46]} Bxc6 {[%emt 0:20:52]} 24. Bxc6 {[%emt 0:06:17]} O-O {[%emt 0:00:13]} 25. Bd5+ {[%emt 0:02:12]} Kh8 {[%emt 0:00:38]} 26. Rc7 {[%emt 0:00:45]} Nb6 {[%emt 0:00:25]} 27. Bc6 {[%emt 0:11:48]} Nc8 {[%emt 0:04:52]} 28. Rc1 {[%emt 0:05:59]} Bd6 {[%emt 0:00:58]} 29. Rb7 {[%emt 0:00:35]} Ne7 {[%emt 0:00:20]} 30. Bd7 {[%emt 0:02:30]} Ng6 {[%emt 0:05:49]} 31. Nd2 {[%emt 0:05:30]} Rf7 {[%emt 0:02:48]} 32. Bc8 {[%emt 0:00:31]} Rxb7 {[%emt 0:08:22]} 33. Bxb7 {[%emt 0:00:02]} Bf8 {[%emt 0:00:06]} 34. Nc4 {[%emt 0:01:01]} Nf5 {[%emt 0:00:05]} 35. f3 {[%emt 0:01:05]} Bc5+ {[%emt 0:12:29]} 36. Kf1 {[%emt 0:00:07]} Be3 {[%emt 0:00:47]} 37. Nxe3 {[%emt 0:02:39]} Nxe3+ {[%emt 0:00:04]} 38. Kg1 {[%emt 0:00:12]} Nf4 {[%emt 0:00:42]} 39. Ba6 {[%emt 0:00:19]} g5 {[%emt 0:01:42]} 40. Be1 {[%emt 0:00:00]} Rd6 {[%emt 0:00:00]} 41. Bf1 {[%emt 0:06:53]} a5 {[%emt 0:07:47]} 42. g3 {[%emt 0:02:49]} Ne6 {[%emt 0:00:20]} 43. Be2 {[%emt 0:04:28]} Nd4 {[%emt 0:09:31]} 44. Rc8+ {[%emt 0:04:14]} Kg7 {[%emt 0:00:51]} 45. Kf2 {[%emt 0:00:18]} Nec2 {[%emt 0:00:18]} 46. Rc7+ {[%emt 0:07:29]} Kf8 {[%emt 0:00:07]} 47. Rxh7 {[%emt 0:03:21]} Nxe1 {[%emt 0:00:11]} 48. Kxe1 {[%emt 0:00:05]} Nc2+ {[%emt 0:00:05]} 49. Kf1 {[%emt 0:00:17]} Rd2 {[%emt 0:00:05]} 50. h4 {[%emt 0:01:43]} g4 {[%emt 0:12:35]} 51. fxg4 {[%emt 0:00:27]} e4 {[%emt 0:00:10]} 52. g5 {[%emt 0:01:13]} fxg5 {[%emt 0:02:05]} 53. hxg5 {[%emt 0:00:07]} Ne3+ {[%emt 0:03:21]} 54. Kf2 {[%emt 0:03:04]} Nf5 {[%emt 0:00:03]} 55. Ke1 {[%emt 0:03:16]} Rxa2 {[%emt 0:01:36]} 56. Bc4 {[%emt 0:00:13]} Ra1+ {[%emt 0:01:31]} 57. Kf2 {[%emt 0:01:20]} Ra2+ {[%emt 0:00:03]} 58. Ke1 {[%emt 0:02:52]} Ra1+ {[%emt 0:00:09]} 59. Kf2 {[%emt 0:00:21]} Ra2+ {[%emt 0:00:05]} 60. Kg1 {[%emt 0:01:22]} Ne3 {[%emt 0:00:04]} 61. Rf7+ {[%emt 0:00:22]} Ke8 {[%emt 0:00:14]} 62. g6 {[%emt 0:00:22]} Nxc4 {[%emt 0:01:16]} 63. bxc4 {[%emt 0:01:53]} e3 {[%emt 0:01:22]} 64. Rf3 {[%emt 0:00:39]} e2 {[%emt 0:01:43]} 65. Kf2 {[%emt 0:00:15]} Ra3 {[%emt 0:00:03]} 66. g7 {[%emt 0:00:54]} Rxf3+ {[%emt 0:00:34]} 67. Kxf3 {[%emt 0:00:01]} e1=Q {[%emt 0:00:26]} 68. g8=Q+ {[%emt 0:00:06]} Ke7 {[%emt 0:00:06]} 69. Qg5+ {[%emt 0:00:07]} Kf7 {[%emt 0:00:23]} 70. Qf5+ {[%emt 0:00:18]} 1/2-1/2

[Event "KAZ-ch Open 2019"]
[Site "Almaty"]
[Date "2019.05.02"]
[Round "11.1"]
[White "Makhnev, Denis"]
[Black "Agmanov, Zhandos"]
[Result "1-0"]
[WhiteElo "2483"]
[BlackElo "2394"]
[Annotator "TA"]
[PlyCount "107"]
[EventDate "2019.04.21"]
[EventType "tourn"]
[EventCountry "KAZ"]
[SourceTitle "playchess.com"]
[Source "ChessBase"]
[SourceQuality "1"]

{[%evp 11,107,16,5,0,14,0,0,0,0,0,0,0,0,-7,-5,-46,-7,-38,0,-12,11,3,38,0,0,0,31,27,40,36,57,58,68,68,68,66,68,62,96,93,126,99,179,184,220,220,310,222,291,186,260,251,250,248,206,199,204,194,387,385,376,356,380,379,350,332,316,303,304,297,281,229,297,297,329,260,505,134,567,535,859,831,637,439,439,439,437,437,1953,1895,4826,5110,29986,29987,29991,29992,29996,29983]} 1. c4 Nf6 2. Nc3 e5 3. Nf3 Nc6 4. e3 Bb4 5. Qc2 Bxc3 6. Qxc3 Qe7 7. d4 {A28: English Opening: Four Knights Variation} (7. Be2 O-O 8. d4 Ne4 9. Qc2 exd4 10. exd4 Qb4+ 11. Bd2 Nxd2 12. Qxd2 Qxd2+ 13. Kxd2 d6 14. h3 Bd7 15. Rhe1 Rfe8 {½-½ (30) Vitiugov,N (2709)-Kryvoruchko,Y (2698) Germany 2019}) 7... Ne4 8. Qd3 exd4 9. Nxd4 {The position is equal.} O-O 10. Be2 Qb4+ 11. Kf1 Qe7 12. f3 f5 13. Nxc6 dxc6 (13... Qh4 {looks sharper.} 14. Ne7+ Kh8 15. g3 Nxg3+ 16. hxg3 Qxh1+ 17. Kf2 d5) 14. Kg1 $146 ({Predecessor:} 14. g3 b6 {0-1 (29) Raja,R (2421)-Xu,Z (2308) Novi Sad 2018}) 14... Nf6 (14... Nc5 {with more complications.} 15. Qa3 b6 16. b4 Nb7 17. c5 Re8) 15. Qc3 a5 16. Kf2 Rd8 17. Rd1 Rxd1 18. Bxd1 Be6 {Threatening ...Qd6.} (18... Qd6 $5 {[%cal Rd6d1]} 19. Qd4 Qxh2 $11) 19. Be2 b6 20. b3 Rd8 21. Bb2 Qc5 22. Qe5 Qxe5 23. Bxe5 Ne8 24. h3 h5 25. Rd1 Rxd1 26. Bxd1 $16 {[%mdl 4096] Endgame KBB-KBN} c5 {[#]} (26... a4 $16) 27. Kg3 $1 $18 g6 28. Kf4 Nd6 (28... Bd7 {might work better.} 29. Bc2 Nd6 30. Bxd6 cxd6) 29. Bc2 Bd7 30. Bf6 Nf7 (30... b5 $142 31. Bd8 bxc4 32. Bxc7 cxb3 33. axb3 Nb7) 31. e4 fxe4 32. Bxe4 Kh7 33. g4 {gxh5 is the strong threat.} Kh6 34. h4 c6 $2 (34... a4 35. Bd5 Nd6 36. bxa4 Ne8) 35. Be7 Kg7 36. gxh5 gxh5 37. Bf5 Be8 38. a3 Nh6 39. Bc8 Nf7 40. Kf5 Nh6+ 41. Ke6 Kg6 42. Bd8 Nf5 43. f4 Bf7+ $2 (43... b5 44. Ke5 (44. Bxa5 bxc4 45. Ke5 Ne3 $18) 44... Nd4) 44. Kd7 $2 (44. Ke5 $18 {and the rest is easy.} Nd4 45. Bxb6) 44... Nd4 $2 {[%mdl 8192]} (44... b5 $16 {is tougher.} 45. Bb7 (45. Bxa5 bxc4 46. bxc4 Nxh4 $16) (45. Kxc6 a4 $16) 45... bxc4 46. bxc4 Ne3) 45. Ke7 a4 46. bxa4 Bxc4 47. Kd6 Bb3 48. Bxb6 {[#] And now a5 would win.} Bxa4 49. Kxc5 Nc2 (49... Nf5 $142 50. Bd8 Bb5) 50. f5+ Kg7 51. Be6 Bb5 52. Bd8 {White mates.} Ne3 53. f6+ Kf8 54. Bc7 {Accuracy: White = 71%, Black = 24%.} 1-0

[Event "KAZ-ch Open 2019"]
[Site "Almaty"]
[Date "2019.05.02"]
[Round "11.2"]
[White "Ismagambetov, Anuar"]
[Black "Kazhgaleyev, Murtas"]
[Result "1/2-1/2"]
[WhiteElo "2554"]
[BlackElo "2578"]
[Annotator "TA"]
[PlyCount "51"]
[EventDate "2019.04.21"]
[EventType "tourn"]
[EventCountry "KAZ"]
[SourceTitle "playchess.com"]
[Source "ChessBase"]
[SourceQuality "1"]

{[%evp 27,28,0,23]} 1. e4 e5 2. Nf3 Nc6 3. Bb5 a6 4. Ba4 Nf6 5. O-O Be7 6. Re1 b5 7. Bb3 d6 8. c3 O-O 9. h3 Bb7 10. d4 Re8 11. Ng5 Rf8 12. Nf3 Re8 13. Ng5 Rf8 14. Nf3 Re8 {[#]} {Predecessor:} 15. Nbd2 $146 Bf8 16. a3 g6 17. Ba2 Bg7 18. b4 exd4 19. cxd4 a5 20. Rb1 axb4 21. d5 Ne5 22. Nxe5 dxe5 23. Rxb4 c6 24. dxc6 Bxc6 25. Qf3 Bf8 26. Rb1 {1-0 (33) Topalov,V (2740)-Mamedyarov,S (2790) Shamkir 2019} 1/2-1/2